Комплексное использование ресурсов при подготовке специалистов химико-технологического профиля к решению прикладных задач в рамках дисциплины «Информатика»; Уровневая подготовка специалистов: государственные и международные стандарты инженерного образования

Detalles Bibliográficos
Parent link:Уровневая подготовка специалистов: государственные и международные стандарты инженерного образования.— 2012.— [С. 94-96]
Autor Principal: Кривцова Н. И. Надежда Игоревна
Outros autores: Кузьменко Е. А. Елена Анатольевна
Summary:Заглавие с экрана
Показана возможность использования различных программных средств для решения типовых задач химической технологии. Организация рабочего пространства обеспечена методическим комплексом, включающим примеры решения задач с использованием сред Pascal ABC Net, Microsoft Excel и SMath Studio. Сделан вывод о необходимости формирования широких компетенций подготавливаемых специалистов в профессиональной области уже на начальном этапе обучения
Idioma:ruso
Publicado: 2012
Series:Организация рабочего пространства подготовки инженеров: комплексное использование ресурсов
Subjects:
Acceso en liña:http://www.lib.tpu.ru/fulltext/c/2012/C09/038.pdf
Formato: MixedMaterials Electrónico Capítulo de libro
KOHA link:https://koha.lib.tpu.ru/cgi-bin/koha/opac-detail.pl?biblionumber=230874

MARC

LEADER 00000nla2a2200000 4500
001 230874
005 20240209101721.0
035 |a (RuTPU)RU\TPU\book\251863 
035 |a RU\TPU\book\251862 
090 |a 230874 
100 |a 20130125d2012 k y0rusy50 ca 
101 0 |a rus 
102 |a RU 
105 |a y z 101zy 
181 0 |a i  
182 0 |a b 
200 1 |a Комплексное использование ресурсов при подготовке специалистов химико-технологического профиля к решению прикладных задач в рамках дисциплины «Информатика»  |f Н. И. Кривцова, Е. А. Кузьменко 
203 |a Текст  |c электронный 
225 1 |a Организация рабочего пространства подготовки инженеров: комплексное использование ресурсов 
300 |a Заглавие с экрана 
320 |a [Библиогр.: с. 96 (1 назв.)] 
330 |a Показана возможность использования различных программных средств для решения типовых задач химической технологии. Организация рабочего пространства обеспечена методическим комплексом, включающим примеры решения задач с использованием сред Pascal ABC Net, Microsoft Excel и SMath Studio. Сделан вывод о необходимости формирования широких компетенций подготавливаемых специалистов в профессиональной области уже на начальном этапе обучения 
337 |a Adobe Reader 
463 1 |0 (RuTPU)RU\TPU\book\240708  |t Уровневая подготовка специалистов: государственные и международные стандарты инженерного образования  |o сборник трудов научно-методической конференции, 3-6 апреля 2012 г.  |f Национальный исследовательский Томский политехнический университет (ТПУ)  |v [С. 94-96]  |d 2012 
610 1 |a труды учёных ТПУ 
610 1 |a электронный ресурс 
610 1 |a образовательные стандарты 
610 1 |a использование 
610 1 |a ресурсы 
610 1 |a подготовка специалистов 
610 1 |a прикладные задачи 
700 1 |a Кривцова  |b Н. И.  |c химик-технолог  |c доцент Томского политехнического университета, кандидат технических наук  |f 1983-  |g Надежда Игоревна  |3 (RuTPU)RU\TPU\pers\30193  |9 14587 
701 1 |a Кузьменко  |b Е. А.  |c химик-технолог  |c доцент Томского политехнического университета, кандидат технических наук  |f 1958-  |g Елена Анатольевна  |3 (RuTPU)RU\TPU\pers\25858  |9 11727 
801 2 |a RU  |b 63413507  |c 20130201  |g RCR 
856 4 |u http://www.lib.tpu.ru/fulltext/c/2012/C09/038.pdf 
942 |c CF